00513nam a2200157Ia 4500008004100000040001600041041001200057082001600069100001700085245005300102260003200155300001100187942000700198952013300205999001700338230917s9999||||xx |||||||||||||| ||und|| e77015aMAIN aEnglish a342.54 S19C aSaharay, H K 0aCases and materials on the constitution of India aBombaybN.M. Tripathic1987 a742 p. cBK 0010406342_540000000000000_S19C70993501aMAINbMAINd2003-03-03l0o342.54 S19Cp127946r2023-09-17 20:48:54w2023-09-17yBK c57642d57642